| 000 | 00386nam a22001577a 4500 | ||
|---|---|---|---|
| 999 |
_c3766 _d3766 |
||
| 003 | Nust | ||
| 005 | 20170105101224.0 | ||
| 008 | 161205b xxu||||| |||| 00| 0 eng d | ||
| 040 | _c0 | ||
| 082 | _2923.25491 | ||
| 100 | _4Prof Dr. samar sultana saleem | ||
| 245 | _aMashaheer wa akabireen Pakistan | ||
| 260 |
_aKarachi _bMaktaba Aleemia _c2009 |
||
| 300 | _a144p | ||
| 942 |
_2ddc _cBK |
||